[Event "12th Goodricke Open"]
[Site "Calcutta IND"]
[Date "2001.02.16"]
[Round "11"]
[White "Meenakshi,S"]
[Black "Murali Krishnan,B"]
[Result "0-1"]
[WhiteElo "2269"]
[BlackElo "2353"]

1.d4 d5 2.c4 dxc4 3.Nf3 Nf6 4.e3 e6 5.Bxc4 c5 6.O-O a6 7.a4 Nc6 8.Qe2 cxd4
9.Rd1 Be7 10.exd4 O-O 11.Nc3 Nb4 12.Bg5 Nbd5 13.Ne5 Nxc3 14.bxc3 Nd5 15.Bxe7 Qxe7
16.Qb2 Nf6 17.Rd3 Rd8 18.f4 Qc7 19.f5 Nd7 20.fxe6 Nxe5 21.dxe5 Bxe6 22.Rxd8+ Rxd8
23.Bxe6 fxe6 24.Re1 Qc5+ 25.Kh1 Qxe5 26.Rf1 b5 27.axb5 axb5 28.h3 h6 29.Rb1 Rd3
30.Rc1 Qd5 31.Qf2 Rxh3+ 32.Kg1 Rd3 33.Qf4 Rd2 34.Qg3 Qc5+ 35.Kf1 b4 36.c4 b3
37.Qf4 Rd8  0-1

[Event "ENG-GER match women"]
[Site "Battle Abbey ENG"]
[Date "2001.02.20"]
[Round "5"]
[White "Umpfenbach,C"]
[Black "Flear,C"]
[Result "1/2-1/2"]
[WhiteElo "2044"]
[BlackElo "2184"]

1.d4 Nf6 2.Nf3 d5 3.c4 dxc4 4.e3 e6 5.Bxc4 c5 6.O-O a6 7.Qe2 cxd4 8.exd4 Be7
9.Rd1 b5 10.Bb3 Bb7 11.a4 b4 12.Nbd2 a5 13.Nf1 O-O 14.Ng3 Bd5 15.Bxd5 Qxd5
16.Nf1 Rd8 17.Bg5 h6 18.Bxf6 Bxf6 19.Ne5 Nd7 20.Ne3 Qb7  1/2-1/2

[Event "5th United Insurance"]
[Site "Dhaka BAN"]
[Date "2001.02.21"]
[Round "3"]
[White "Vakhidov,T"]
[Black "Rausis,I"]
[Result "1/2-1/2"]
[WhiteElo "2482"]
[BlackElo "2525"]

1.d4 d5 2.c4 dxc4 3.Nf3 Nf6 4.e3 e6 5.Bxc4 c5 6.O-O a6 7.dxc5 Bxc5 8.Qxd8+ Kxd8
9.Nbd2 Ke7 10.Be2 Nc6 11.a3 b5 12.b4 Bd6 13.Bb2 Bb7 14.Rfc1 Rac8  1/2-1/2

[Event "5th United Insurance"]
[Site "Dhaka BAN"]
[Date "2001.02.24"]
[Round "6"]
[White "Rahman,Zia"]
[Black "Volzhin,A"]
[Result "0-1"]
[WhiteElo "2447"]
[BlackElo "2539"]

1.Nf3 d5 2.d4 Nf6 3.c4 dxc4 4.e3 e6 5.Bxc4 c5 6.O-O a6 7.Bb3 cxd4 8.exd4 Nc6
9.Nc3 Be7 10.Re1 O-O 11.a3 Na5 12.Bc2 b5 13.d5 Re8 14.Qd3 g6 15.Bg5 Nxd5
16.Nxd5 exd5 17.Rxe7 Rxe7 18.Qc3 Raa7 19.Qf6 Qf8 20.Bd2 Re6 21.Qh4 Nc6 22.Ng5 Qg7
23.Nxe6 Bxe6 24.Bc3 d4 25.Bd2 d3 26.Bc3 dxc2 27.Bxg7 Rd7 28.Rf1 Rd1 29.Bh6 Bc4
30.h3 Rxf1+ 31.Kh2 c1=Q 32.Bxc1 Rxc1 33.Qf4 Re1 34.b3 Bxb3 35.Qf3 Nd4 36.Qc3 Rd1
37.Qc8+ Kg7 38.Qxa6 Ba4 39.Qc8 Ne6 40.Qc3+ Kg8 41.Qe5 Rd3 42.Qb8+ Nf8 43.f4 Rxa3
44.g4 Rd3 45.f5 Rd5 46.Qb7 Bb3 47.f6 Bc4 48.h4 h5 49.g5 Rd4  0-1

[Event "5th United Insurance"]
[Site "Dhaka BAN"]
[Date "2001.02.26"]
[Round "8"]
[White "Barsov,A"]
[Black "Volzhin,A"]
[Result "1/2-1/2"]
[WhiteElo "2500"]
[BlackElo "2539"]

1.d4 d5 2.c4 dxc4 3.e3 e6 4.Bxc4 Nf6 5.Nf3 c5 6.O-O a6 7.Bb3 b5 8.a4 b4 9.e4 cxd4
10.e5 Ne4 11.Nxd4 Nc5 12.Bc4 Bb7 13.Be3  1/2-1/2

[Event "IV Open"]
[Site "Malaga ESP"]
[Date "2001.02.28"]
[Round "6"]
[White "Gleizerov,E"]
[Black "Cifuentes Parada,R"]
[Result "1/2-1/2"]
[WhiteElo "2586"]
[BlackElo "2496"]

1.d4 d5 2.c4 dxc4 3.e3 Nf6 4.Bxc4 e6 5.Nf3 c5 6.O-O Nc6 7.Qe2 cxd4 8.Rd1 Be7
9.Nc3 e5 10.exd4 exd4 11.Be3 Bg4 12.Bb5 O-O 13.Bxc6 bxc6 14.Bxd4 Qc7 15.Re1 Be6
16.Ng5 Ng4 17.Be5 Qxe5 18.Qxe5 Nxe5 19.Nxe6 fxe6 20.Rxe5 Rab8 21.Re2 Bf6
22.Rc1 Bxc3 23.Rxc3 Rfd8 24.g3 Rd6 25.b3 Kf7 26.Rec2 Rb6 27.Kf1 Ke7 28.Rc4 a5
29.Ke2 Kd7 30.R2c3 Rd5 31.h4 Kd6 32.Rf4 Re5+ 33.Re3 Rxe3+ 34.Kxe3 Ke7 35.Rg4 g6
36.Rc4 Kd6 37.Rf4 Ke7 38.Kd3 Rb5 39.Kc4 h6 40.Rf3 g5 41.hxg5 hxg5 42.a4 Re5
43.Re3 Rf5 44.f3 Kd6 45.b4 axb4 46.Kxb4 Rd5 47.Ra3 Kc7 48.Rc3 Kb6 49.Rc4 c5+
50.Kc3 Rf5 51.f4 e5 52.fxe5 Rf3+ 53.Kd2 Rxg3 54.e6 Rh3 55.Re4 Rh8 56.Ke3 Re8
57.Re5 Kc6 58.a5 Kd6 59.Ke4 g4 60.Rd5+ Kc6 61.Ke5 g3 62.Rd1 g2 63.Rg1 Kb5
64.Kd6 Kxa5 65.Kxc5 Rc8+ 66.Kd6 Rc2 67.e7 Rd2+ 68.Kc5 Rc2+ 69.Kd6 Rd2+ 70.Ke6 Re2+
71.Kf7 Rf2+ 72.Ke8 Kb6  1/2-1/2

[Event "TCh-FIN 00-01"]
[Site "FIN"]
[Date "2001.03.11"]
[Round "9"]
[White "Koskinen,Hen"]
[Black "Pulkkinen,K"]
[Result "1/2-1/2"]
[WhiteElo "2304"]
[BlackElo "2318"]

1.d4 d5 2.Nf3 Nf6 3.c4 dxc4 4.e3 e6 5.Bxc4 c5 6.O-O a6 7.dxc5 Qxd1 8.Rxd1 Bxc5
9.Nbd2 Nbd7 10.Be2 b5 11.a4 bxa4 12.Nc4 Ke7 13.Na5 Re8 14.Nd4 Kf8 15.Ndc6 e5
16.Rxa4 Nb6 17.Ra1 Kg8 18.b4 Bf8 19.Bb2 e4 20.Nc4 Nxc4 21.Bxc4 Bd7 22.Ne5 Be6
23.Bxa6 Bxb4 24.Nc6 Bf8 25.Bb7 Rxa1 26.Bxa1 Bc8 27.Bxc8  1/2-1/2

[Event "Ivan Zanic Mem"]
[Site "Stara Pazova YUG"]
[Date "2001.03.15"]
[Round "7"]
[White "Colovic,A"]
[Black "Popchev,M"]
[Result "1/2-1/2"]
[WhiteElo "2416"]
[BlackElo "2482"]

1.Nf3 d5 2.d4 Nf6 3.c4 dxc4 4.e3 e6 5.Bxc4 c5 6.O-O a6 7.dxc5 Qxd1 8.Rxd1 Bxc5
9.b3 Nbd7 10.Bb2 b5 11.Be2 Bb7 12.Nbd2 Ke7 13.Rac1  1/2-1/2

[Event "17th Spring Festival"]
[Site "Budapest HUN"]
[Date "2001.03.22"]
[Round "7"]
[White "Karolyi,T"]
[Black "Zalai,M"]
[Result "1-0"]
[WhiteElo "2435"]
[BlackElo "2122"]

1.d4 d5 2.c4 dxc4 3.e3 Nf6 4.Bxc4 e6 5.Nf3 c5 6.O-O a6 7.Bd3 Nc6 8.Nc3 b5
9.a3 Bb7 10.Qe2 cxd4 11.exd4 Be7 12.Be3 O-O 13.b4 Qb8 14.Rfd1 Rd8 15.Ne4 Nxe4
16.Bxe4 Na7 17.Bc2 Bd5 18.Ne5 Nc6 19.Bxh7+ Kf8 20.Qh5 Nxe5 21.dxe5 Qb7 22.Be4 Ke8
23.Qh8+  1-0

[Event "Open"]
[Site "Bled SLO"]
[Date "2001.03.28"]
[Round "5"]
[White "Jovanic,O"]
[Black "Grilc,A"]
[Result "1-0"]
[WhiteElo "2361"]
[BlackElo "2044"]

1.d4 d5 2.c4 dxc4 3.Nf3 Nf6 4.e3 e6 5.Bxc4 c5 6.O-O a6 7.a4 Be7 8.Nc3 O-O
9.e4 cxd4 10.Nxd4 Qc7 11.Qe2 Nbd7 12.Ba2 b6 13.Be3 Bb7 14.Rac1 Qb8 15.Rfd1 Nc5
16.f3 a5 17.Bc4 Rd8 18.Bb5 Qc7 19.Nb1 Qe5 20.Nc3 Qc7 21.Bf2 Bd6 22.g3 Be5
23.Nb1 Rac8 24.Na3 Qe7 25.Rc2 Bxd4 26.Rxd4 Rxd4 27.Bxd4 Rd8 28.Bf2 Nb3 29.Bxb6 Nd4
30.Qd3 Nxc2 31.Qxd8+ Qxd8 32.Bxd8 Nxa3 33.bxa3 g5 34.Bxf6  1-0

[Event "Asian Candidates"]
[Site "Tehran IRI"]
[Date "2001.03.29"]
[Round "8"]
[White "Roghani,A"]
[Black "Alavi,S"]
[Result "1-0"]
[WhiteElo "2210"]
[BlackElo "2291"]

1.d4 d5 2.c4 dxc4 3.e3 Nf6 4.Bxc4 e6 5.Nf3 c5 6.O-O a6 7.Bd3 cxd4 8.exd4 Nc6
9.Nc3 Be7 10.Bg5 O-O 11.Rc1 b6 12.a3 Bb7 13.Bb1 Rc8 14.Qd3 g6 15.Ba2 Qd7
16.Rfd1 Rfd8 17.d5 Nxd5 18.Nxd5 exd5 19.Qxd5 Qxd5 20.Bxd5 Rc7 21.Bxf7+ Kxf7
22.Rxd8 Bxd8 23.Bxd8 Rd7 24.Bxb6 Kg8 25.Be3 Rd3 26.Kf1 Rb3 27.Rc2 Na5 28.Nd4  1-0

[Event "FSGM April"]
[Site "Budapest HUN"]
[Date "2001.04.07"]
[Round "13"]
[White "Kallio,H"]
[Black "Almasi,I"]
[Result "1/2-1/2"]
[WhiteElo "2410"]
[BlackElo "2424"]

1.d4 d5 2.c4 dxc4 3.Nf3 Nf6 4.e3 e6 5.Bxc4 c5 6.O-O a6 7.Qe2 Nc6 8.a4 cxd4
9.Rd1 Be7 10.exd4 O-O 11.Nc3 Nd5 12.Qe4 Nf6 13.Qe2 Nd5 14.Qe4 Nf6 15.Qe2 Nd5  1/2-1/2

[Event "Israel Open Ch"]
[Site "Tel Aviv ISR"]
[Date "2001.04.12"]
[Round "4"]
[White "Khenkin,I"]
[Black "Jonkman,H"]
[Result "1/2-1/2"]
[WhiteElo "2609"]
[BlackElo "2410"]

1.d4 d5 2.c4 dxc4 3.Nf3 Nf6 4.e3 e6 5.Bxc4 c5 6.O-O a6 7.Bb3 b5 8.a4 b4 9.Nbd2 Bb7
10.a5 Be7 11.Ba4+ Nbd7 12.dxc5 Bxc5 13.Ne5 Qc7 14.Nxd7 Nxd7 15.b3  1/2-1/2

[Event "Israel Open Ch"]
[Site "Tel Aviv ISR"]
[Date "2001.04.15"]
[Round "7"]
[White "Avrukh,B"]
[Black "Zifroni,D"]
[Result "1/2-1/2"]
[WhiteElo "2600"]
[BlackElo "2525"]

1.d4 d5 2.c4 dxc4 3.e3 Nf6 4.Bxc4 e6 5.Nf3 c5 6.O-O a6 7.Bb3 Nc6 8.Nc3 Be7
9.Qe2 cxd4 10.Rd1 e5 11.exd4 exd4 12.Nxd4 Nxd4 13.Qe5 Qd6 14.Qxd4 Qxd4 15.Rxd4 O-O
16.Bf4 Bf5 17.Bd6 Bxd6 18.Rxd6 Rad8 19.Rad1 Rxd6 20.Rxd6 Re8 21.f3 Kf8 22.Kf2 h6
23.Nd1 Bd7 24.Ne3 Bb5 25.Bc4 Bxc4 26.Nxc4 Rc8 27.Ne3 h5 28.Ke2 Rc5 29.a4 Re5
30.Kd2 Ke8 31.h4 Nd7 32.Nc4 Rc5 33.Rd4 Rc7 34.Nd6+ Kf8 35.Nf5 g6 36.Ne3 Nc5
37.Rc4 Rd7+ 38.Kc2 Nd3 39.Kc3 b5 40.axb5 axb5 41.Rd4  1/2-1/2

[Event "Israel Open Ch"]
[Site "Tel Aviv ISR"]
[Date "2001.04.15"]
[Round "7"]
[White "Mittelman,G"]
[Black "Jonkman,H"]
[Result "0-1"]
[WhiteElo "2435"]
[BlackElo "2410"]

1.d4 d5 2.c4 dxc4 3.e3 Nf6 4.Bxc4 e6 5.Nf3 c5 6.O-O a6 7.Bb3 b5 8.a4 b4 9.Nbd2 Bb7
10.e4 cxd4 11.e5 Nfd7 12.Nc4 Nc5 13.Bg5 f6 14.exf6 gxf6 15.Nxd4 h5 16.Nxe6 Qxd1
17.Raxd1 fxg5 18.Nxc5 Bxc5 19.Rfe1+ Kf8 20.Na5 Ra7 21.Rd8+ Kg7 22.Rxh8 Kxh8
23.Re8+ Kg7 24.Rxb8 Be4 25.Rg8+ Kf6 26.Rc8 Bb6 27.Nc4 Bd4 28.Nd2 Re7 29.Nxe4+ Rxe4
30.Rc6+ Ke5 31.Kf1 Bxb2 32.Rxa6 Kd4 33.Rc6 Re5 34.Rc2 Ba1 35.g3 Kd3 36.Rc6 Bd4
37.Kg2 g4 38.Rc4 Re2 39.Kg1 Bxf2+ 40.Kh1 Rb2 41.Rxb4 Kc3 42.Rb5 Rxb3 43.Rxh5 Kd3
44.Rh4 Rb4 45.h3 Bxg3 46.Rxg4 Bf4 47.Kg2 Ke3 48.Rg8 Rb2+ 49.Kf1 Kf3 50.Re8 Ra2
51.h4 Rxa4 52.h5 Ra1+ 53.Re1 Ra5 54.Re8 Ra1+ 55.Re1 Ra2 56.Re8 Rh2 57.Rg8 Rxh5
58.Rg2 Rh1+ 59.Rg1 Rh2 60.Rg7 Be3 61.Rf7+ Bf4 62.Rg7 Ra2 63.Re7 Rf2+ 64.Ke1 Rh2
65.Kd1 Be3 66.Re8 Rd2+ 67.Ke1 Rd7 68.Rf8+ Bf4 69.Rf5 Rh7 70.Kd1 Rc7  0-1

[Event "Open"]
[Site "Dubai UAE"]
[Date "2001.04.16"]
[Round "2"]
[White "Bagirov,R"]
[Black "Yakovich,Y"]
[Result "1/2-1/2"]
[WhiteElo "2469"]
[BlackElo "2577"]

1.d4 d5 2.Nf3 Nf6 3.c4 dxc4 4.e3 e6 5.Bxc4 c5 6.O-O a6 7.Bd3 Nbd7 8.Re1 b5
9.a4 bxa4 10.e4 cxd4 11.e5 Nd5 12.Qxa4 Bb7 13.Bg5 Be7 14.Bxe7  1/2-1/2

[Event "4th Open"]
[Site "Tanta City EGY"]
[Date "2001.04.20"]
[Round "3"]
[White "Fominyh,A"]
[Black "Sarwat,W"]
[Result "1-0"]
[WhiteElo "2571"]
[BlackElo "2356"]

1.Nf3 d5 2.d4 Nf6 3.c4 dxc4 4.e3 e6 5.Bxc4 c5 6.O-O a6 7.Nc3 b5 8.Bb3 Bb7
9.Re1 Be7 10.e4 cxd4 11.Nxd4 Nc6 12.Nxc6 Bxc6 13.Qf3 O-O 14.a3 a5 15.Bf4 b4
16.axb4 axb4 17.Rad1 Qb6 18.Nb1 Qb7 19.Nd2 Rfd8 20.Bc2 Rd7 21.Qh3 g6 22.Bg5 Rad8
23.e5 Nh5 24.Bxe7 Rxe7 25.Qg4 Red7 26.Nb3 Rxd1 27.Bxd1 Qb6 28.Qg5 Ba4 29.Bxh5 Bxb3
30.h4 Rd4 31.Bf3 Qd8 32.Re4 Qxg5 33.hxg5 Rd2 34.Re2 Rd4 35.Re4 Rd2 36.Rxb4 Rxb2
37.Be4 Re2 38.Kf1 Rb2 39.Ke1 Kf8 40.Rb7 Kg7 41.Bd3 Kf8 42.Kf1 Kg7 43.Kg1 h6
44.gxh6+ Kxh6 45.f3 Kg7 46.Kh2 g5 47.Rb4 Kh6 48.Kg3 Kg7 49.Bc4 Bxc4 50.Rxb2 Kg6
51.Rb7 Bd3 52.Rd7 Bc2 53.Rc7 Bd3 54.Re7 Bc2 55.Kf2 Kg7 56.Ke3 Kg6 57.Rc7 Bb1
58.Kd4 Kg7 59.Rc8 Kh6 60.Rc1 Ba2 61.Ra1 Bd5 62.Ra5 Bb3 63.Kc5 g4 64.fxg4 Bd1
65.Kd6 Bxg4 66.Ke7 Kg6 67.Ra4 Bf5 68.g4 Bc2 69.Rf4 Bd1 70.Rf6+ Kg5 71.Kxf7 Kxg4
72.Kxe6  1-0

[Event "Masters"]
[Site "Besancon FRA"]
[Date "2001.04.23"]
[Round "3"]
[White "Siegel,G"]
[Black "Sermier,G"]
[Result "1/2-1/2"]
[WhiteElo "2453"]
[BlackElo "2401"]

1.Nf3 d5 2.d4 e6 3.c4 dxc4 4.e3 Nf6 5.Bxc4 c5 6.O-O a6 7.Bb3 Nc6 8.Qe2 cxd4
9.Rd1 Be7 10.exd4 O-O 11.Nc3 Nb4 12.Bg5 Nbd5 13.Nxd5 exd5 14.Ne5 Be6 15.Rac1 Ne4
16.Bxe7 Qxe7 17.Qe3 Nf6 18.Nd3 Rae8 19.Re1 Qd8 20.Qf4 Bd7 21.Nc5 Rxe1+ 22.Rxe1 Bc6
23.h3 Re8 24.Re5 a5 25.Qe3 b6 26.Nd3 Qd6 27.a3 h6 28.Nf4 Rd8 29.g3 Kf8 30.Qd3 Nd7
31.Re3 Nf6 32.Qf5 Re8 33.Re5 g5 34.Nd3 Bd7 35.Rxe8+ Bxe8 36.Ne5 Qe6 37.Qf3 Kg7
38.Kg2 Bb5 39.Qc3 Bd7 40.Nxd7 Qxd7 41.Qe3 Qb5 42.a4  1/2-1/2

[Event "GMB"]
[Site "Dos Hermanas ESP"]
[Date "2001.04.26"]
[Round "8"]
[White "Cifuentes Parada,R"]
[Black "Rivas Pastor,M"]
[Result "1-0"]
[WhiteElo "2496"]
[BlackElo "2429"]

1.d4 d5 2.c4 dxc4 3.e3 Nf6 4.Bxc4 e6 5.Nf3 c5 6.O-O a6 7.dxc5 Bxc5 8.Qe2 b5
9.Bd3 Nbd7 10.a4 b4 11.e4 Bb7 12.Nbd2 Be7 13.Nb3 O-O 14.Bf4 Nh5 15.Be3 Qb8
16.Na5 Nc5 17.Nxb7 Nxd3 18.Qxd3 Qxb7 19.e5 Rac8 20.Rac1 g6 21.Rxc8 Rxc8 22.h3 Ng7
23.Rd1 Nf5 24.Bg5 Bf8 25.Qd7 Rc7 26.Qe8 Rc8 27.Rd7 Rxe8 28.Rxb7 Ne7 29.Rxb4 Nd5
30.Rb7 Rc8 31.Kf1 Bb4 32.Bh6 Bf8 33.Bxf8 Rxf8 34.Ng5 Rc8 35.g3 Rc1+ 36.Kg2 Nc7
37.Rb8+ Kg7 38.Rc8  1-0

[Event "TCh-YUG Women"]
[Site "Herceg Novi YUG"]
[Date "2001.05.15"]
[Round "2"]
[White "Khurtsidze,N"]
[Black "Skripchenko,A"]
[Result "1/2-1/2"]
[WhiteElo "2456"]
[BlackElo "2441"]

1.d4 d5 2.c4 dxc4 3.Nf3 e6 4.e3 Nf6 5.Bxc4 c5 6.O-O a6 7.Bb3 b6 8.Qe2 Bb7
9.Rd1 Nbd7 10.Nc3 Qb8 11.d5 Nxd5 12.Nxd5 Bxd5 13.Bxd5 exd5 14.Rxd5 Qb7 15.e4 Be7
16.Bg5 Bxg5 17.Nxg5 O-O 18.Rad1 Nf6 19.Rd6 Rae8 20.e5 h6 21.Nf3 Re7 22.Qd3 Ne4
23.Rd5 Ng5 24.Nxg5 hxg5 25.Qf5 Rfe8 26.Qxg5 f6 27.Qg6 Qc7 28.f4 fxe5 29.f5 Rf8
30.Rd6 c4 31.h3 e4 32.f6 Ref7 33.Qxe4 Rxf6 34.Qd5+ Kh7 35.Qh5+ Kg8 36.Qd5+ Kh7
37.Rxf6 Rxf6 38.Re1 Qf4 39.Re4 Qf2+ 40.Kh2 b5 41.Qg5 Qf5 42.Qh4+ Kg8 43.Qg3 Qd7
44.Qb8+  1/2-1/2

[Event "TCh-RUS"]
[Site "Tomsk RUS"]
[Date "2001.05.15"]
[Round "3"]
[White "Arkhipov,S"]
[Black "Batsanin,D"]
[Result "1/2-1/2"]
[WhiteElo "2531"]
[BlackElo "2435"]

1.d4 d5 2.c4 dxc4 3.Nf3 Nf6 4.e3 e6 5.Bxc4 c5 6.O-O a6 7.a4 Nc6 8.Nc3 Qc7
9.Qe2 Bd6 10.b3 O-O 11.Bb2 b6 12.d5 exd5 13.Nxd5 Nxd5 14.Bxd5 Bb7 15.Qc4 Rae8
16.Rad1 Ne5 17.Bxe5 Bxe5 18.Bxb7 Qxb7 19.Nxe5 Rxe5 20.Rd6 b5 21.Qc2 Rfe8
22.Rfd1 g6 23.g3 h5 24.h4 Qc8 25.Rd7 R5e7 26.Rxe7 Rxe7 27.Rd5 Qe6 28.Rxc5 bxa4
29.bxa4 Rd7 30.Rc8+ Kg7 31.Qc3+ f6 32.Qc5 Qd6 33.Qc4 Rf7 34.Ra8 Qd1+ 35.Kg2  1/2-1/2

[Event "TCh-YUG Women"]
[Site "Herceg Novi YUG"]
[Date "2001.05.19"]
[Round "6"]
[White "Shumiakina,T"]
[Black "Savic,Ma"]
[Result "1-0"]
[WhiteElo "2376"]
[BlackElo "2150"]

1.d4 d5 2.c4 dxc4 3.Nf3 Nf6 4.e3 e6 5.Bxc4 c5 6.O-O a6 7.dxc5 Qxd1 8.Rxd1 Bxc5
9.Nbd2 Nc6 10.Be2 O-O 11.Nb3 Be7 12.Bd2 b6 13.Be1 Bb7 14.Nfd2 Ne5 15.f3 Rac8
16.Bf2 Rc2 17.Rab1 Rfc8 18.e4 b5 19.Nd4 R2c7 20.Bg3 Nfd7 21.N2b3 Bf6 22.Na5 Nc5
23.Nxb7 Rxb7 24.f4 Nc4 25.e5 Be7 26.Bf3 Rbc7 27.Bf2 Na4 28.b3 Na3 29.Ra1 Nb2
30.Rf1 Nd3 31.Be3 Nb4 32.Rad1 Nxa2 33.f5 Nc3 34.Rd3 exf5 35.Nxf5 Nc2 36.Bb6 Bf8
37.Bxc7 Rxc7 38.Rd8 g6 39.Nd6 Kg7 40.Ne8+  1-0

[Event "TCh-RUS"]
[Site "Tomsk RUS"]
[Date "2001.05.19"]
[Round "6"]
[White "Garagulya,K"]
[Black "Batsanin,D"]
[Result "1/2-1/2"]
[WhiteElo "2439"]
[BlackElo "2435"]

1.d4 d5 2.Nf3 Nf6 3.c4 dxc4 4.e3 e6 5.Bxc4 c5 6.O-O a6 7.b3 Nbd7 8.Bb2 Be7
9.a4 O-O 10.Nc3 cxd4 11.Nxd4 Ne5 12.Be2 Bd7 13.Nf3 Nc6 14.Nd2 Na5 15.Nc4 Nxc4
16.Bxc4 Bc6 17.Qxd8 Rfxd8 18.Rfd1  1/2-1/2

[Event "TCh-RUS"]
[Site "Tomsk RUS"]
[Date "2001.05.20"]
[Round "7"]
[White "Prokopchuk,E"]
[Black "Volzhin,A"]
[Result "1/2-1/2"]
[WhiteElo "2508"]
[BlackElo "2528"]

1.d4 d5 2.Nf3 Nf6 3.c4 dxc4 4.e3 e6 5.Bxc4 c5 6.O-O a6 7.Bb3 b5 8.a4 b4 9.Nbd2 Be7
10.e4 cxd4 11.e5 Nfd7 12.Nc4 Nc6 13.a5 Nc5 14.Ba4 Nxa4 15.Qxa4 Bd7 16.Qb3 O-O
17.Rd1 Be8  1/2-1/2

[Event "TCh-RUS"]
[Site "Tomsk RUS"]
[Date "2001.05.21"]
[Round "8"]
[White "Ivanov,T"]
[Black "Batsanin,D"]
[Result "1/2-1/2"]
[WhiteElo "2437"]
[BlackElo "2435"]

1.Nf3 d5 2.d4 Nf6 3.c4 dxc4 4.e3 e6 5.Bxc4 c5 6.O-O a6 7.dxc5 Qxd1 8.Rxd1 Bxc5
9.Nbd2 Ke7 10.Nb3 Bd6 11.Bd2 b6 12.Be2 Bb7 13.Nfd4 Nbd7 14.f3 g5 15.Rac1 Rac8
16.Rxc8  1/2-1/2

[Event "TCh-YUG Women"]
[Site "Herceg Novi YUG"]
[Date "2001.05.24"]
[Round "11"]
[White "Alexandrova,O"]
[Black "Savic,Ma"]
[Result "1-0"]
[WhiteElo "2419"]
[BlackElo "2150"]

1.d4 d5 2.c4 dxc4 3.e3 e6 4.Bxc4 Nf6 5.Nf3 c5 6.O-O a6 7.Bb3 Nc6 8.Qe2 Na5
9.Bc2 b5 10.Rd1 Qb6 11.a3 cxd4 12.exd4 Bb7 13.Nc3 Be7 14.Bg5 Nd5 15.Bxe7 Kxe7
16.Ne4 Nc4 17.Ne5 Nxe5 18.dxe5 Rhd8 19.Qh5 h6 20.Nd6 Rxd6 21.exd6+ Qxd6 22.Be4 Rc8
23.Qh4+ Ke8 24.Bxd5 Bxd5 25.Qd4 Kf8 26.Rac1 Qd7 27.Qb6 Rxc1 28.Rxc1 Bc4 29.Qb8+ Ke7
30.Qf4 Qd6 31.Qe3 Qd5 32.h3 Ke8 33.Qf4 e5 34.Qg4 g6 35.Rd1 Qe6 36.Qh4 g5
37.Qe4 Kf8 38.Qh7 Bd5 39.Qh8+ Ke7 40.Rc1 Qd6 41.Rc8  1-0

[Event "Open"]
[Site "Fourmies FRA"]
[Date "2001.06.02"]
[Round "1"]
[White "Israel,G"]
[Black "Feller,J"]
[Result "1-0"]
[WhiteElo "2021"]
[BlackElo "2209"]

1.d4 d5 2.c4 dxc4 3.e3 c5 4.Bxc4 e6 5.Nf3 Nf6 6.O-O a6 7.a4 Nc6 8.Qe2 cxd4
9.Rd1 Be7 10.exd4 O-O 11.Nc3 Nb4 12.Ne5 b6 13.Bg5 Nfd5 14.Bxd5 exd5 15.Bxe7 Qxe7
16.Nd3 Qxe2 17.Nxe2 Nxd3 18.Rxd3 Be6 19.Rc1 Rac8 20.Rdc3 Rxc3 21.Rxc3 Rc8
22.Rxc8+ Bxc8 23.b4 Kf8 24.f3 Ke7 25.Kf2 Kd6 26.Ke3 Bf5 27.g4 Bc2 28.Nc3 Bb3
29.h4 Ke6 30.Kf4 f6 31.Kg3 Kf7 32.Kf4 h6 33.h5 g6 34.hxg6+ Kxg6 35.Kg3 Kg5
36.a5 bxa5 37.bxa5 Bc4 38.Nd1 f5 39.gxf5 Kxf5 40.Ne3+ Kg5 41.f4+ Kg6 42.Kh4 h5
43.f5+ Kh6 44.Ng2 Bd3 45.f6 Bg6 46.Nf4 Bf7 47.Nd3 Kg6 48.Nc5 Kxf6 49.Nxa6 Be8
50.Nb8 Bb5 51.a6 Bxa6 52.Nxa6 Kf5 53.Nb4 Ke4 54.Nc6 Kd3 55.Kxh5 Kc4 56.Kg5  1-0

[Event "ch-IND"]
[Site "New Delhi IND"]
[Date "2001.06.03"]
[Round "4"]
[White "Lahiri,A"]
[Black "Ganguly,S"]
[Result "1/2-1/2"]
[WhiteElo "2391"]
[BlackElo "2456"]

1.d4 d5 2.c4 dxc4 3.Nf3 Nf6 4.e3 e6 5.Bxc4 c5 6.Qe2 a6 7.dxc5 Bxc5 8.O-O Nc6
9.a3 Qc7 10.b4 Bd6 11.Bb2 Ne5 12.Nxe5 Bxe5 13.Bxe5 Qxe5 14.Nd2 O-O 15.Bd3 b5
16.Nb3 Rd8  1/2-1/2

[Event "ch-IND"]
[Site "New Delhi IND"]
[Date "2001.06.05"]
[Round "8"]
[White "Murugan,K"]
[Black "Ravi,L"]
[Result "1/2-1/2"]
[WhiteElo "2390"]
[BlackElo "2381"]

1.d4 d5 2.c4 dxc4 3.Nf3 Nf6 4.e3 e6 5.Bxc4 c5 6.O-O a6 7.b3 cxd4 8.Nxd4 Bd7
9.Bb2 Nc6 10.Nd2 Bd6 11.N2f3 Qc7 12.Rc1 O-O 13.Bb5 e5 14.Nxc6 bxc6 15.Bd3 Rfe8
16.e4 Nh5 17.Bc4 Re7 18.Nh4 Nf6 19.Qd3 Rd8 20.Bxa6 Be6 21.Qb1 Qb6 22.Bc4 Bc5
23.Bxe6 Rxe6 24.Qc2 Bd4 25.Rce1 c5 26.Nf3 Qb4 27.Bc1 h6 28.Re2 Ra8 29.Nd2 Qb7
30.Nc4 Rea6 31.Qb1 Nh5 32.Kh1 Rg6 33.Qd3 Qe7 34.Qh3 Nf6 35.Rfe1 Ne8 36.Rd1 Nc7
37.a4 Na6 38.f4 exf4 39.Bxf4 Re6 40.e5 Rd8 41.Rde1 Nb4 42.Qf3 Nc6 43.g3 g5
44.Be3 Rb8 45.Bc1 Re8 46.Kg2 f6 47.Nd6 Nxe5 48.Rxe5 fxe5 49.Nxe8 Qxe8 50.Qd5 Kg7
51.Be3  1/2-1/2

[Event "2nd IECC"]
[Site "Ohrid MKD"]
[Date "2001.06.05"]
[Round "5"]
[White "Roeder,M"]
[Black "Kocovski,I"]
[Result "1-0"]
[WhiteElo "2459"]
[BlackElo "2324"]

1.d4 d5 2.c4 dxc4 3.e3 Nf6 4.Bxc4 e6 5.Nf3 c5 6.O-O Nc6 7.Qe2 cxd4 8.Rd1 Be7
9.Nxd4 Nxd4 10.exd4 O-O 11.Nc3 Nd5 12.Qf3 Nxc3 13.bxc3 Qc7 14.Bd3 Bd7 15.Bf4 Qc8
16.Be5 f6 17.Qh5 f5 18.c4 Bc6 19.Qe2 Qe8 20.Rab1 Qf7 21.Bc2 Rfd8 22.Bb3 Kf8
23.d5 exd5 24.cxd5 Bxd5 25.Rxd5 Rxd5 26.Bxg7+ Qxg7 27.Bxd5 Rd8 28.Bxb7 Kg8
29.g3 Kh8 30.Rb5 Rf8 31.Bd5 f4 32.Rb7 fxg3 33.hxg3 Qa1+ 34.Kg2 Bc5 35.Rxh7+ Kxh7
36.Qh5+ Kg7 37.Qg5+ Kh7 38.Be4+ Kh8 39.Qh6+ Kg8 40.Qh7+  1-0

[Event "ch-IND"]
[Site "New Delhi IND"]
[Date "2001.06.07"]
[Round "12"]
[White "Ravi,L"]
[Black "Ganguly,S"]
[Result "1/2-1/2"]
[WhiteElo "2381"]
[BlackElo "2456"]

1.d4 d5 2.c4 dxc4 3.Nf3 Nf6 4.e3 e6 5.Bxc4 c5 6.O-O a6 7.a4 Nc6 8.Qe2 cxd4
9.Rd1 Be7 10.exd4 O-O 11.Nc3 Nb4 12.Ne5 Bd7 13.Bg5 Rc8 14.Re1 Be8 15.Rad1 Nfd5
16.Nxd5 Nxd5 17.Bxd5 Bxg5 18.Bxb7 Bxa4 19.Bxc8 Bxd1 20.Qxa6 Qxc8 21.Qxc8 Rxc8
22.Rxd1 Rb8 23.Rb1 Rb4 24.Kf1 Bf6 25.Ke2 Rxd4 26.Nd3 Rd5 27.b4 Rb5 28.Rc1 Kf8
29.Rc7 Ke8 30.Kd2 Bd4 31.f4 g5 32.Rc4 Bf6 33.Kc2 gxf4 34.Nxf4 Be7 35.Kb3 e5
36.Ne2 Rd5 37.g4 Rd3+ 38.Rc3 Rxc3+ 39.Kxc3 Kd7 40.Kc4 Ke6 41.Ng3 e4 42.Kd4  1/2-1/2

[Event "White Nights"]
[Site "St Petersburg RUS"]
[Date "2001.06.09"]
[Round "1"]
[White "Shariyazdanov,A"]
[Black "Stjazhkina,O"]
[Result "1-0"]
[WhiteElo "2594"]
[BlackElo "2346"]

1.d4 d5 2.c4 dxc4 3.Nf3 Nf6 4.e3 e6 5.Bxc4 c5 6.O-O Nc6 7.Nc3 Be7 8.dxc5 Qxd1
9.Rxd1 Bxc5 10.a3 Ke7 11.b4 Bd6 12.Bb2 Rd8 13.b5 Ne5 14.Be2 Nxf3+ 15.Bxf3 Rb8
16.a4 Bc5 17.Rxd8 Kxd8 18.Ne4 Nxe4 19.Bxe4 g6 20.Be5 Ra8 21.a5 a6 22.b6 Ke7
23.h4 f5 24.Bf3 Bd6 25.Bxd6+ Kxd6 26.Rc1 Rb8 27.Rc7 h6 28.Rg7 Kc5 29.Rxg6 Kb5
30.Rxh6 Kxa5 31.Rh8 Kxb6 32.h5 a5 33.Bd1 a4 34.Bxa4 Ra8 35.Bb3 Ra3 36.Rxc8 Rxb3
37.h6 Rb1+ 38.Kh2 Rb4 39.g3  1-0

[Event "White Nights"]
[Site "St Petersburg RUS"]
[Date "2001.06.13"]
[Round "5"]
[White "Ioffe,A"]
[Black "Vulfson,V"]
[Result "1/2-1/2"]
[WhiteElo "2283"]
[BlackElo "2412"]

1.d4 d5 2.c4 dxc4 3.Nf3 Nf6 4.e3 e6 5.Bxc4 c5 6.O-O a6 7.Bb3 Nbd7 8.Qe2 b5
9.e4 Bb7 10.e5 Nd5 11.Nc3 c4 12.Bc2 h6 13.a4 N7b6 14.Bd2 Nxc3 15.Bxc3 Be7
16.Ba5 Rb8 17.Rfd1 Bd5 18.Nd2 Qd7 19.axb5 axb5 20.Ne4 Bxe4 21.Qxe4 Nd5 22.Bd2  1/2-1/2

[Event "5th Open"]
[Site "Voronezh RUS"]
[Date "2001.06.14"]
[Round "3"]
[White "Karpeshov,O"]
[Black "Arakelov,I"]
[Result "0-1"]
[WhiteElo "2437"]
[BlackElo "2384"]

1.d4 d5 2.c4 dxc4 3.Nf3 Nf6 4.e3 e6 5.Bxc4 c5 6.O-O a6 7.a4 Nc6 8.Qe2 cxd4
9.Rd1 Be7 10.exd4 O-O 11.Nc3 Nb4 12.Ne5 b6 13.Qf3 Nfd5 14.Nc6 Nxc6 15.Nxd5 exd5
16.Bxd5 Bg4 17.Bxf7+ Rxf7 18.Qxg4 Qd5 19.Be3 Bf6 20.Rac1 Rd8 21.Qe2 Ra7 22.Kf1 a5
23.h3 Nb4 24.Bf4 Re7 25.Be5 Qb3 26.Kg1 Nd5 27.Ra1 Nf4 28.Qg4 Bxe5 29.dxe5 Rf8
30.Qg5 Ng6 31.f4  0-1

[Event "Open"]
[Site "Andorra AND"]
[Date "2001.07.05"]
[Round "6"]
[White "Campos Moreno,J"]
[Black "Ivanov,J"]
[Result "1/2-1/2"]
[WhiteElo "2513"]
[BlackElo "2400"]

1.d4 d5 2.c4 dxc4 3.Nf3 Nf6 4.e3 e6 5.Bxc4 c5 6.Qe2 Nc6 7.O-O cxd4 8.Rd1 Be7
9.Nxd4 Nxd4 10.exd4 Bd7 11.d5 exd5 12.Bxd5 Nxd5 13.Rxd5 Qb6 14.Nc3 Be6 15.Bg5 Bxg5
16.Rxg5 O-O 17.Re1 Rae8 18.Re5 Rd8 19.h3 a6 20.Rg5 Rde8 21.Qd2 f6 22.Rg3 Bf7
23.Rxe8 Rxe8 24.Rd3 h6 25.a3 Qc7 26.Nd5 Bxd5 27.Rxd5 Re5 28.Rd8+ Kh7 29.g3 Rc5
30.Qd3+ f5 31.b4 Rc1+ 32.Kg2 Qc2 33.Qd5 Qe4+ 34.Qxe4 fxe4 35.Rd7 Ra1 36.Rxb7 Rxa3
37.Rb6 Rb3 38.Rxa6 Rxb4 39.Kf1 h5 40.h4 g6 41.Ke2 Rb3 42.Re6 Kg7 43.Rxe4 Kf6
44.Re3 Rb2+ 45.Kf3 Kf5 46.Ra3 Rc2 47.Ra5+ Kf6 48.Ke3 Rc3+ 49.Ke4 Rc4+ 50.Kd3 Rb4
51.Rc5 Rb2 52.Rc2 Rb3+ 53.Kd4 Ra3 54.Rc3 Ra4+ 55.Rc4 Ra2 56.Ke3 Ra5 57.f3 Re5+
58.Re4 Ra5 59.g4 Ra3+ 60.Kf4 hxg4 61.fxg4 g5+ 62.hxg5+ Kf7 63.Kf5 Rf3+  1/2-1/2